000 00376nam a2200109 4500
999 _c507414
_d507414
082 _aA84x54 1984
100 _aIndia. Central Statistical Organisation. Ministry of Planning
_91623
245 _aStatistical abstract, India, 1984
_cby Ministry of Planning. Central Statistical Organisation
260 _aDelhi
_bController of Publications
_c1985
300 _a679p.
942 _2ddc